|
|
|
|
| LEADER |
00000nab a2200000 a 4500 |
| 001 |
vtls000125724 |
| 003 |
SK-MaSNL |
| 005 |
20260304071946.0 |
| 008 |
250423c1982 xo 0 slo |
| 015 |
|
|
|a SNBRB19rr/mm-uuuuu
|
| 035 |
|
|
|a CL0135829
|
| 035 |
|
|
|a urn:nbn:sk:snk-ab3dk
|
| 035 |
|
|
|a (urnnbn)urn:nbn:sk:snk:ar-a036c2
|
| 035 |
|
|
|a (uuid)3546431d-0ba3-422e-ac05-064988c22f9d
|
| 040 |
|
|
|a SNKBUCL
|b slo
|c SNKBUCL
|e AACR2
|
| 041 |
0 |
|
|a cze
|
| 044 |
|
|
|a xo
|c SK
|
| 080 |
|
|
|a 301.15
|2 1981
|
| 080 |
|
|
|a 39
|2 1981
|
| 100 |
1 |
|
|a Fojtík, Karel,
|d 1918-1999
|4 aut
|9 112627
|
| 245 |
1 |
0 |
|a K východiskům a badatelským cílům etnografického výskumu dělnické kultúry a bytu
|c Karel Fojtík
|
| 300 |
|
|
|b Res. rus. a nem.
|
| 650 |
0 |
7 |
|a robotníci
|2 snkbucl
|9 4872
|
| 650 |
0 |
7 |
|a kultúra robotnícka
|2 snkbucl
|9 1338869
|
| 650 |
0 |
7 |
|a spôsob života
|2 snkbucl
|9 273332
|
| 650 |
0 |
7 |
|a etnografický výskum
|2 snkbucl
|9 4239
|
| 655 |
|
7 |
|a články z novín a časopisov
|2 snkbucl
|9 267496
|
| 773 |
0 |
|
|t Slovenský národopis
|g Roč. 30, č. 3 (1982), s. 448-455
|
| 850 |
|
|
|a Slovenská národná knižnica
|
| 852 |
|
|
|a Slovenská národná knižnica
|
| 958 |
|
|
|a article27
|
| 958 |
|
|
|a RK
|
| 958 |
|
|
|a CZ
|
| 958 |
|
|
|a OND
|
| 958 |
|
|
|a EUIPO
|
| 992 |
|
|
|a RBX
|
| 999 |
|
|
|c 2763578
|d 2765508
|